=LDR 00000nam 2200000 4500 =001 INLIS000000000007369 =005 20130612095359 =008 ***********************************Ind** =035 ##$$0010-061300000007369 =041 ##$$a Ind =082 ##$$a 2x1 =090 ##$$a 2x1, Had k =100 ##$$a Hadhini, Khoiruddin =245 ##$$a Kearifan kandungan Alqur'an, Choiruddin Hadhini, SP =260 ##$$a 1993 $b Jakarta =300 ##$$a xx, 315 hlm., 21 cm =650 ##$$a Al-Qur'an